Real decreto de 26 de octubre de 1855 para la ejecución de la ley de 1º de mayo del mismo año en la parte relativa a la desamortización de los montes (Record no. 48439)
[ view plain ]
| 000 -LEADER | |
|---|---|
| campo de control de longitud fija | 00979nam a22002295i 4500 |
| 001 - NÚMERO DE CONTROL | |
| campo de control | 48439 |
| 003 - IDENTIFICADOR DE NÚMERO DE CONTROL | |
| campo de control | ES-MaACL |
| 005 - FECHA Y HORA DE LA ÚLTIMA TRANSACCIÓN | |
| campo de control | 20230906161743.0 |
| 007 - CAMPO FIJO DE DESCRIPCIÓN FÍSICA--INFORMACIÓN GENERAL | |
| campo de control de longitud fija | t| |
| 008 - DATOS DE LONGITUD FIJA--INFORMACIÓN GENERAL | |
| campo de control de longitud fija | 950719s1855 sp ||||1| spa d |
| 080 ## - NÚMERO DE LA CLASIFICACIÓN DECIMAL UNIVERSAL | |
| Número de la Clasificación Decimal Universal | 347.218.2(460):630 |
| 080 ## - NÚMERO DE LA CLASIFICACIÓN DECIMAL UNIVERSAL | |
| Número de la Clasificación Decimal Universal | 348.73(460):630 |
| 110 2# - ENTRADA PRINCIPAL--NOMBRE DE ENTIDAD CORPORATIVA | |
| Nombre de entidad corporativa o nombre de jurisdicción como elemento de entrada | España. |
| Unidad subordinada | Ministerio de Fomento. |
| 9 (RLIN) | 3868 |
| 245 10 - MENCIÓN DEL TÍTULO | |
| Título | Real decreto de 26 de octubre de 1855 para la ejecución de la ley de 1º de mayo del mismo año en la parte relativa a la desamortización de los montes |
| Resto del título | : y el informe remitido con este objeto por la junta facultativa del Cuerpo de Ingenieros del ramo. |
| 260 ## - PUBLICACIÓN, DISTRIBUCIÓN, ETC. | |
| Lugar de publicación, distribución, etc. | Madrid : |
| Nombre del editor, distribuidor, etc. | [s.n.], |
| Fecha de publicación, distribución, etc. | 1855 ( |
| Fabricante | Imprenta del Colegio de Sordo-Mudos) |
| 300 ## - DESCRIPCIÓN FÍSICA | |
| Extensión | 104, [1] p. ; |
| Dimensiones | 25 cm. |
| 650 #4 - PUNTO DE ACCESO ADICIONAL DE MATERIA--TÉRMINO DE MATERIA | |
| Término de materia o nombre geográfico como elemento de entrada | Montes- |
| Subdivisión general | Desamortización. |
| 9 (RLIN) | 136533 |
| 650 #4 - PUNTO DE ACCESO ADICIONAL DE MATERIA--TÉRMINO DE MATERIA | |
| Término de materia o nombre geográfico como elemento de entrada | Montes públicos- |
| Subdivisión geográfica | España. |
| 9 (RLIN) | 143761 |
| 650 #4 - PUNTO DE ACCESO ADICIONAL DE MATERIA--TÉRMINO DE MATERIA | |
| Término de materia o nombre geográfico como elemento de entrada | Desamortización- |
| Subdivisión geográfica | España- |
| Subdivisión de forma | Legislación. |
| 9 (RLIN) | 143793 |
| 710 2# - ENTRADA AGREGADA--NOMBRE DE ENTIDAD CORPORATIVA | |
| Nombre de entidad corporativa o nombre de jurisdicción como elemento de entrada | Cuerpo Nacional de Ingenieros de Montes. |
| 9 (RLIN) | 143756 |
| 852 4# - LOCALIZACIÓN | |
| Ubicación | ES-MaACL |
| Número de control de estantería | T-1289-F-12 |
| Estatus retirado | Estado de pérdida | Estado de daño | No para préstamo | Colección | Biblioteca de origen | Biblioteca actual | Ubicación en estantería | Fecha de adquisición | Fuente de adquisición | Total de préstamos | Signatura topográfica completa | Código de barras | Visto por última vez | Precio de reemplazo | Tipo de ítem Koha |
|---|---|---|---|---|---|---|---|---|---|---|---|---|---|---|---|
| Colección de folletos | Biblioteca del Ateneo de Madrid | Biblioteca del Ateneo de Madrid | Depósito folletos | 17/01/2008 | T-1289-F-12 | 1050977 | 23/02/2023 | 23/02/2023 | Folleto |
